000 00295nam a22001337a 4500
020 _a817826152-9
082 _a823
_bSHE/F
100 _aMARY SHELLEY
245 _aFRANKENSTEIN
260 _aDELHI
_bROHAN BOOK COMPANY
_c2003
300 _a220
650 _aMODERN ILLUSTRATED CLASSICS
942 _cBK
999 _c306
_d306